| 000 | 00705nam a2200169 i 4500 | ||
|---|---|---|---|
| 001 | 187953 | ||
| 003 | ES-MaACL | ||
| 005 | 20230906223052.0 | ||
| 008 | 180402s1900 sp |||| | spa d | ||
| 100 | 1 |
_aGutiérrez, Francisco de Asís. _9127665 |
|
| 245 | 1 | 0 |
_aConferencia pronunciada por Francisco de Asis Gutiérrez el dia 27 de enero de 1900 _b: el ahorro nacional base de la formación y del engrandecimiento de los pueblos. |
| 260 |
_a[S.l.] : _b[s.n.], _c1900 ( _eMadrid : _fEst. tip. de "El Liberal") |
||
| 300 |
_a32 p. ; _c23 cm. |
||
| 594 | _aPrecede al título: Circulo de la Unión Mercantil e Industrial de Madrid. | ||
| 650 | 0 | 4 |
_aAhorro- _zEspaña. _99702 |
| 852 |
_aES-MaACL _jF-13197(6) |
||
| 999 |
_c187953 _d187953 |
||